000 00266 a2200109 4500
001 51150
040 _cAnchieta - Pituba
240 1 0 _aDie Rinnsteipiraten
_l
245 1 0 _aDie Rinnsteipiraten
650 4 _aLínguas germânicas (teutônicas) língua alemã
942 _cMX
999 _c51150
_d51150